| 000 | 00457nam a22001817a 4500 | ||
|---|---|---|---|
| 003 | MPLRDC | ||
| 005 | 20220104171746.0 | ||
| 008 | 210129b ||||| |||| 00| 0 eng d | ||
| 020 | _a967-942-372-7 | ||
| 082 | _a006.2 UKM-3 1997 | ||
| 100 | _aAMBIGAPATHY PANDIAN | ||
| 245 |
_aREADING IN MALAYSIA _c |
||
| 250 | _a初版 | ||
| 260 |
_a _bUNIVERSITI KEBANGSAAN MALAYSIA _c1997 |
||
| 300 | _b平 | ||
| 650 | _a指定文库 | ||
| 942 |
_cBK _o006.2 UKM-3 1997 |
||
| 999 |
_c58611 _d58601 |
||